<?xml version="1.0" encoding="UTF-8"?>
<collection xmlns="http://www.loc.gov/MARC21/slim">
 <record>
  <leader>01890nab a2200193 i 4500</leader>
  <controlfield tag="001">misc41741</controlfield>
  <controlfield tag="005">20191106140446.0</controlfield>
  <controlfield tag="008">180706s2015    hu      o     0||   zxx d</controlfield>
  <datafield tag="022" ind1=" " ind2=" ">
   <subfield code="a">1215-5233</subfield>
  </datafield>
  <datafield tag="024" ind1="7" ind2=" ">
   <subfield code="a">http://www.iskolakultura.hu/ikultura-folyoirat/documents/2015/09/06.pdf</subfield>
   <subfield code="2">doi</subfield>
  </datafield>
  <datafield tag="040" ind1=" " ind2=" ">
   <subfield code="a">SZTE Miscellanea Repozitórium</subfield>
   <subfield code="b">hun</subfield>
  </datafield>
  <datafield tag="041" ind1=" " ind2=" ">
   <subfield code="a">zxx</subfield>
  </datafield>
  <datafield tag="100" ind1="1" ind2=" ">
   <subfield code="a">Tóth Ágnes</subfield>
  </datafield>
  <datafield tag="245" ind1="1" ind2="2">
   <subfield code="a">A nemzetiségi oktatás irányításának szervezete és tevékenysége Magyarországon az '50-es évek első felében</subfield>
   <subfield code="h">[elektronikus dokumentum] /</subfield>
   <subfield code="c"> Tóth Ágnes</subfield>
  </datafield>
  <datafield tag="260" ind1=" " ind2=" ">
   <subfield code="c">2015</subfield>
  </datafield>
  <datafield tag="300" ind1=" " ind2=" ">
   <subfield code="a">75-89</subfield>
  </datafield>
  <datafield tag="490" ind1="0" ind2=" ">
   <subfield code="a">Iskolakultúra</subfield>
   <subfield code="v">25 No. 9</subfield>
  </datafield>
  <datafield tag="520" ind1="3" ind2=" ">
   <subfield code="a">A magyarországi nemzetiségpolitika második világháború utáni másfél-két évtizedét alapvetően az automatizmus elvének alkalmazása határozta meg. A politikai hatalom az internacionalizmus elve alapján azt hangoztatta, hogy az egyén identitását alapvetően társadalmi csoporthoz, osztályhoz tartozása határozza meg. Az identitás nemzeti elemének jelentőségét tagadták. Az állampolgári jogegyenlőség biztosításával a nemzetiségi problémák automatikus megszűnését prognosztizálták. A nemzetiségi közösségek tagjaitól mindenekelőtt azt várták el, hogy jó magyar állampolgárrá és szocialista hazafivá váljanak. A politikai hatalom középtávon teljes beolvadásukkal, asszimilációjukkal számolt. Emellett a hazai nemzetiségpolitika külpolitikai vonatkozásai is markánsak maradtak. Azaz: a szomszéd országok területén élő magyarság nemzeti önazonosságának megőrzése, illetve az ezért szót emelő anyaországi föllépés eredményességének szem előtt tartása is szerepet játszott a magyarországi nemzetiségek alapvető oktatási, művelődési jogainak elvi biztosításakor.</subfield>
  </datafield>
  <datafield tag="856" ind1="4" ind2="0">
   <subfield code="u">http://misc.bibl.u-szeged.hu/41741/1/2015_09_tordelt_vegl.pdf</subfield>
   <subfield code="z">Dokumentum-elérés </subfield>
  </datafield>
 </record>
</collection>
